000 00926nam a2200217 i 4500
001 54931
003 ES-MaACL
005 20230906163042.0
007 t|
008 960806s1887 sp ||||1| spa d
040 _aCARM
_bspa
_cCCPB | SIC
100 1 _aGarcía Hernández, Ramón.
_954761
245 1 0 _aProyecto de obras de defensa contra las inundaciones en el Valle del Segura
_b] : Tomo I[II y III] : Memoria / [por los] Ingenieros: Don Ramón Garcia [y Hernandez] y Don Luis Gaztelu [Maritorena].
260 _aMurcia :
_b[s.n.],
_c1887 (
_ftip. de las provincias de Levante)
300 _a3 v. ;
_c21 cm.
500 _aLos segundos apellidos de los autores constan en la segunda hoja del tomo 1º.
505 8 _aContiene: t. I-III. [Texto] (LXX, 124 ; 134 ; 115 p.)
650 4 _aInundaciones-
_xPrevención-
_zSegura (España, Valle)
_9156679
700 1 _aGaztelu, Luis.
_956172
852 _aES-MaACL
_jT-739-F-1-3
999 _c54931
_d54931